| 000 | 00722cam a22002533a 4500 | ||
|---|---|---|---|
| 001 | 30925 | ||
| 003 | PGUSA | ||
| 005 | 20140828083653.0 | ||
| 008 | 100111s2010||||xxu|||||s|||||000 1 eng d | ||
| 040 |
_aPGUSA _beng |
||
| 042 | _adc | ||
| 050 | 4 | _aPS | |
| 100 | 1 |
_aSullivan, Francis William, _d1887- |
|
| 245 | 1 | 4 |
_aThe Wilderness Trail _h[electronic resource] / _cFrancis William Sullivan |
| 260 |
_bProject Gutenberg, _c2010 |
||
| 506 | _aPublic domain in the USA. | ||
| 516 | _aElectronic text | ||
| 653 | _aCanada -- Fiction | ||
| 653 | _aFur traders -- Fiction | ||
| 700 | 1 |
_aDuer, Douglas, _d1887-1964 |
|
| 830 | 0 |
_aProject Gutenberg _v30925 |
|
| 856 | 4 | 0 | _uhttp://www.gutenberg.org/ebooks/30925 |
| 942 | _cEB | ||
| 999 |
_c260180 _d260180 |
||